Detalles MARC
| 000 -CABECERA |
| Longitud fija campo de control |
02197nam a2200601 c 4500 |
| 001 - NÚMERO DE CONTROL |
| Número de control |
7190 |
| 003 - IDENTIFICADOR DE NÚMERO DE CONTROL |
| Identificador del número de control |
ES-MaCES |
| 005 - FECHA Y HORA DE LA ÚLTIMA TRANSACCIÓN |
| Fecha y hora de la última transacción |
20170517103002.0 |
| 008 - CAMPO FIJO DE DESCRIPCIÓN FIJA--INFORMACIÓN GENERAL |
| Códigos de información de longitud fija |
980715s1998 sp d ||| | spa d |
| 017 ## - NÚMERO DE REGISTRO DE DERECHOS DE AUTOR Y DEPÓSITO LEGAL |
| Número de copyright o de depósito legal |
B-12.498-1998 |
| Agencia que asigna el número |
DL |
| 020 ## - ISBN (INTERNATIONAL STANDARD BOOK NUMBER) |
| Número Internacional Normalizado para Libros (ISBN) |
84.74263514 |
| 035 ## - NÚMERO DE CONTROL DEL SISTEMA |
| Número de control del sistema |
CES19980072627m |
| 040 ## - FUENTE DE CATALOGACIÓN |
| Centro catalogador de origen |
ES-MaCES |
| Lengua de catalogación |
spa |
| Centro transcriptor |
ES-MaCES |
| 041 1# - CÓDIGO DE IDIOMA |
| Código de lengua del texto;banda sonora o título independiente |
eng |
| Código de lengua original |
spa |
| 245 03 - MENCIÓN DE TÍTULO |
| Título |
La situación del mundo 1998 |
| Resto del título |
: informe anual del Worldwatch Institute sobre medio ambiente y desarrollo |
| Mención de responsabilidad, etc. |
director del proyecto, Lester R. Brown ; [traducción, Fabián Chueca, Juan Antonio Moyano, Berna Wang] |
| 246 3# - FORMA VARIANTE DEL TÍTULO |
| Título propio ; Título en breve |
State of the World 1998 |
| 250 ## - MENCIÓN DE EDICIÓN |
| Mención de edición |
1ª ed |
| 260 ## - PUBLICACIÓN, DISTRIBUCIÓN, ETC (PIE DE IMPRENTA) |
| Lugar de publicación, distribución, etc. |
Barcelona |
| Nombre del editor, distribuidor, etc. |
Icaria |
| Fecha de publicación, distribución, etc. |
1998 |
| 300 ## - DESCRIPCIÓN FÍSICA |
| Extensión |
463 p. |
| Otras características físicas |
gráf. |
| Dimensiones |
23 cm |
| 500 ## - NOTA GENERAL |
| Nota general |
Traducción de: State of the World 1998 |
| 500 ## - NOTA GENERAL |
| Nota general |
Indices |
| 500 ## - NOTA GENERAL |
| Nota general |
Incluye apéndice (p. 425-450): Políticas para el cambio climático en España, de José Santamarta |
| 500 ## - NOTA GENERAL |
| Nota general |
En la port., además: Fundación Hogar del Empleado |
| 541 ## - NOTA DE LA FUENTE INMEDIANTE DE ADQUISICIÓN |
| Forma de adquisición |
Compra |
| 650 #4 - ASIENTO SECUNDARIO DE MATERIA--TÉRMINO DE MATERIA |
| Término de materia o nombre geográfico como elemento inicial |
desarrollo sostenible |
| 9 (RLIN) |
30785 |
| 650 #4 - ASIENTO SECUNDARIO DE MATERIA--TÉRMINO DE MATERIA |
| Término de materia o nombre geográfico como elemento inicial |
1998 |
| 9 (RLIN) |
31169 |
| 650 #4 - ASIENTO SECUNDARIO DE MATERIA--TÉRMINO DE MATERIA |
| Término de materia o nombre geográfico como elemento inicial |
informe |
| 9 (RLIN) |
28986 |
| 650 #4 - ASIENTO SECUNDARIO DE MATERIA--TÉRMINO DE MATERIA |
| Término de materia o nombre geográfico como elemento inicial |
protección ambiental |
| 9 (RLIN) |
29423 |
| 650 #4 - ASIENTO SECUNDARIO DE MATERIA--TÉRMINO DE MATERIA |
| Término de materia o nombre geográfico como elemento inicial |
conservación de la naturaleza |
| 9 (RLIN) |
28754 |
| 650 #4 - ASIENTO SECUNDARIO DE MATERIA--TÉRMINO DE MATERIA |
| Término de materia o nombre geográfico como elemento inicial |
conservación de los recursos |
| 9 (RLIN) |
28755 |
| 650 #4 - ASIENTO SECUNDARIO DE MATERIA--TÉRMINO DE MATERIA |
| Término de materia o nombre geográfico como elemento inicial |
bosque |
| 9 (RLIN) |
27585 |
| 650 #4 - ASIENTO SECUNDARIO DE MATERIA--TÉRMINO DE MATERIA |
| Término de materia o nombre geográfico como elemento inicial |
protección de los animales |
| 9 (RLIN) |
31043 |
| 650 #4 - ASIENTO SECUNDARIO DE MATERIA--TÉRMINO DE MATERIA |
| Término de materia o nombre geográfico como elemento inicial |
pesca |
| 9 (RLIN) |
27611 |
| 650 #4 - ASIENTO SECUNDARIO DE MATERIA--TÉRMINO DE MATERIA |
| Término de materia o nombre geográfico como elemento inicial |
producción agrícola |
| 9 (RLIN) |
27531 |
| 650 #4 - ASIENTO SECUNDARIO DE MATERIA--TÉRMINO DE MATERIA |
| Término de materia o nombre geográfico como elemento inicial |
reciclaje de desperdicios |
| 9 (RLIN) |
29528 |
| 650 #4 - ASIENTO SECUNDARIO DE MATERIA--TÉRMINO DE MATERIA |
| Término de materia o nombre geográfico como elemento inicial |
cambio climático |
| 9 (RLIN) |
30961 |
| 650 #4 - ASIENTO SECUNDARIO DE MATERIA--TÉRMINO DE MATERIA |
| Término de materia o nombre geográfico como elemento inicial |
armas |
| 9 (RLIN) |
26688 |
| 650 #4 - ASIENTO SECUNDARIO DE MATERIA--TÉRMINO DE MATERIA |
| Término de materia o nombre geográfico como elemento inicial |
capital |
| 9 (RLIN) |
28127 |
| 650 #4 - ASIENTO SECUNDARIO DE MATERIA--TÉRMINO DE MATERIA |
| Término de materia o nombre geográfico como elemento inicial |
cuadros estadísticos |
| 9 (RLIN) |
28890 |
| 653 10 - TÉRMINO DE INDEXACIÓN--NO CONTROLADO |
| Término no controlado |
Medio ambiente |
| 650 #4 - ASIENTO SECUNDARIO DE MATERIA--TÉRMINO DE MATERIA |
| 9 (RLIN) |
28715 |
| Término de materia o nombre geográfico como elemento inicial |
medio ambiente |
| 700 1# - ENCABEZAMIENTO SECUNDARIO--NOMBRE PERSONAL |
| Nombre de persona |
Brown, Lester R. |
| Término indicativo de función |
dir. |
| 9 (RLIN) |
8360 |
| 700 1# - ENCABEZAMIENTO SECUNDARIO--NOMBRE PERSONAL |
| Nombre de persona |
Chueca, Fabián |
| Término indicativo de función |
tr. |
| 9 (RLIN) |
9626 |
| 700 1# - ENCABEZAMIENTO SECUNDARIO--NOMBRE PERSONAL |
| Nombre de persona |
Moyano, Juan Antonio |
| Término indicativo de función |
tr. |
| 9 (RLIN) |
19268 |
| 700 1# - ENCABEZAMIENTO SECUNDARIO--NOMBRE PERSONAL |
| Nombre de persona |
Wang, Berna |
| Término indicativo de función |
trad. |
| 9 (RLIN) |
26131 |
| 700 1# - ENCABEZAMIENTO SECUNDARIO--NOMBRE PERSONAL |
| Nombre de persona |
Santamarta, José |
| Título de la obra |
Políticas para el cambio climático en España |
| 9 (RLIN) |
23438 |
| 710 2# - ENCABEZAMIENTO SECUNDARIO--NOMBRE CORPORATIVO |
| Nombre de entidad o nombre de jurisdicción como elemento inicial |
Worldwatch Institute |
| 9 (RLIN) |
5483 |
| 710 2# - ENCABEZAMIENTO SECUNDARIO--NOMBRE CORPORATIVO |
| 9 (RLIN) |
3833 |
| Nombre de entidad o nombre de jurisdicción como elemento inicial |
Fundación Hogar del Empleado |
| 787 0# - ENTRADA DE OTRAS ESPECIFICACIONES |
| Título |
La situación del mundo 1999 |
| Número de control del registro relacionado |
(ES-MaCES)8928 |
| 902 ## - CES. TIPO DE DOCUMENTO |
| Tipodoc (006$c Sirtex) |
LIB Libro |
| 942 ## - ELEMENTOS KOHA |
| Fuente de clasificaión o esquema |
Clasificación propia del CES |
| Koha [por defecto] tipo de item |
Monografías |
| Parte de clasificación |
4.2. |